000 01075cam a2200253 a 4500
001 16182156
005 20100809145030.0
008 100412s2010 mauab b 001 0 eng
020 _a9781856178556 (hc)
020 _a1856178552
040 _aDLC
_cDLC
_dYDX
_dBTCTA
_dYDXCP
_dDLC
082 0 0 _a622.33827
_222
_bALV
100 1 _aAlvarado, V.
_q(Vladimir)
_928637
245 1 0 _aEnhanced oil recovery :
_bfield planning and development strategies /
_cVladimir Alvarado and Eduardo Manrique.
260 _aBurlington, MA :
_bGulf Professional Pub./Elsevier,
_cc2010.
300 _axv, 192 p. :
_bill., maps ;
_c24 cm.
504 _aIncludes bibliographical references and index.
650 0 _aEnhanced oil recovery.
_928638
653 _bpet
_cFebruary2012
700 1 _aManrique, E.
_q(Eduardo)
_928639
942 _2ddc
_cBB
999 _c16392
_d16392